| 000 | 01591nam2a22002411 4500 | ||
|---|---|---|---|
| 001 | RU\NLR\INFOCOMM19\5000019461 | ||
| 005 | 20250617032605.0 | ||
| 035 | _a(NLR Aleph) 002413889 | ||
| 090 |
_a1841259 _c1841259 |
||
| 100 | _a20050113d1984 |||y0rusy50 ca | ||
| 101 | 0 | _arus | |
| 102 | _aRU | ||
| 105 | _ay ||||000|y | ||
| 200 | 1 | _aСводный приемно-тематический план научных исследований на 1984 год | |
| 210 |
_d1984 _aБ. м. |
||
| 461 | 0 |
_1001RU\NLR\INFOCOMM19\5000019442 _12001#$aОтчет о выполнении проблемно-тематического плана научных исследований$fЦНИИ травматологии и ортопедии им. Н.Н. Приорова Минздрава СССР, Науч. совет по пробл. травматологии и ортопедии при АМН СССР$v1983 _91841251 _aЦентральный институт травматологии и ортопедии им. Н.Н. Приорова (Москва) _cМ. _d1974- _fЦНИИ травматологии и ортопедии им. Н.Н. Приорова Минздрава СССР, Науч. совет по пробл. травматологии и ортопедии при АМН СССР _tОтчет о выполнении проблемно-тематического плана научных исследований _v1983 |
|
| 801 | 1 |
_aRU _bInfoComm _c20050113 |
|
| 801 | 0 |
_aRU _bNLR _gPSBO |
|
| 852 |
_aNLR _jП16/1577 |
||
| 942 | _cISSUE | ||
| 980 | _aNB | ||
| 980 | _aRUSPER | ||